Statistics for The Ultimate Coronation Street Characters Quiz

Click here to take the quiz!

General Stats

  • This quiz has been taken 2,174 times
    (1,302 since last reset)
  • The average score is 78 of 152

Answer Stats

SurnameAnswer% Correct
AlahanDev
93%
BarlowKen
87%
PlattDavid
86%
CropperRoy
86%
McDonaldSteve
86%
McIntyreGail
85%
BattersbyLeanne
84%
BarlowTracy
84%
BarlowPeter
80%
WebsterSally
80%
AlahanAsha
79%
ConnorCarla
79%
BrownFiz
79%
WebsterKevin
79%
DobbsTyrone
78%
BarlowAmy
77%
WindassGary
77%
Duckworth | WebsterJack
77%
StapeJohn
76%
McDonaldLiz
76%
TilsleyNick
76%
SutherlandBeth
75%
BaldwinMike
75%
BrownChesney
74%
GrimshawEileen
74%
GrimshawTodd
74%
TurnerMax
72%
BattersbyToyah
72%
RobertsAudrey
71%
CropperHayley
71%
SullivanRita
71%
DuckworthVera
70%
WebsterRosie
69%
WebsterSophie
69%
BattersbyLes
68%
BarlowSimon
68%
MetcalfeTim
68%
OsbourneDaniel
67%
GrimshawJason
67%
BishopEmily
66%
AlahanAadi
65%
BradleyJenny
65%
McDonaldJim
65%
SutherlandKirk
65%
ConnorMaria
65%
ColeNorris
65%
AlahanSunita
65%
McIntryreTina
65%
PeacockAshley
64%
PhelanPat
64%
WindassAnna
63%
WindassFaye
63%
StapeHope
63%
ConnorMichelle
63%
DonovanRob
61%
TullySean
61%
CarverAndy
60%
WebsterBill
59%
TinkerCraig
59%
WinterGemma
58%
ArmstrongIzzy
58%
BattersbyJanice
58%
PlattKylie
58%
ElliottFred
57%
DobbsRuby
57%
BarlowDeirdre
56%
ConnorJohnny
56%
NazirAlya
55%
PlattBethany
55%
ConnorLiam
55%
PackhamBrian
54%
TaylorMary
53%
ArmstrongOwen
52%
PrestonRobert
52%
NazirYasmeen
52%
FranklinAbi
51%
PriceEva
51%
TinkerSinead
51%
RodwellMichael
50%
FranklinSeb
50%
Battersby-BrownCilla
49%
ConnorKate
49%
ArmstrongKaty
49%
ConnorRyan
48%
SpellmanSummer
48%
MayhewBilly
47%
KershawPaul
47%
BaldwinDanny
46%
McIntyreJoe
45%
ConnorAiden
44%
McDonaldBecky
44%
HuntBlanche
44%
TannerDennis
44%
BrookerEmma
44%
DuckworthTommy
44%
CarpJulie
43%
DobbsMolly
43%
Gordon | StewertTony
43%
PriceStella
42%
PeacockClaire
41%
BrownJoseph
40%
PlattSarah-Louise
40%
MunroKarl
39%
SoamesKirsty
39%
NazirZeedan
39%
McDonaldKaren
38%
ArcherLewis
38%
PlattLilly
38%
BrittonSteph
38%
WindassEddie
36%
WindassJake
35%
MullaneyLloyd
35%
BrittonLuke
35%
BlakemanNatasha
35%
LucasNina
35%
LoganCallum
34%
BaldwinJamie
33%
PeacockJoshua
33%
FishwickColin
32%
DentMarcus
32%
BaldwinFrankie
31%
PriceGloria
30%
NazirKal
30%
NazirSharif
28%
McDonaldVicky
27%
CarterMatt
26%
PeacockFreddie
25%
PowersSian
25%
RodwellGavin
24%
ProctorGraeme
24%
HancockLinda
24%
CurtisNathan
24%
Soames | WebsterAlison
23%
BeckettAndrea
23%
HoyleCharlotte
23%
HeathMaddie
23%
GoodwinSylvia
22%
AshfordVinny
22%
HolroydErica
21%
KamaraMandy
21%
Beckett | CliftonNeil
21%
FishwickJoy
20%
AltreeSid
20%
KamaraJenna
19%
KershawLesley
19%
GilmoreHannah
17%
HobsworthPam
17%
ClellendEugene
15%

Score Distribution

Percentile by Number Answered

Percent of People with Each Score

Your Score History

You have not taken this quiz since the last reset